000
00295nam a22001337a 4500
008
170609b xxu||||| |||| 00| 0 eng d
020
_a
0882080822
041
_a
eng
080
_a
94
100
_a
17
101
_a
SHH
245
_a
THE ITALIAN ROAD TO SOCIALISM
_c
HOBSBAWM,E
942
_2
udc
_c
BK
999
_c
16611
_d
16611